000 00544nam a2200169Ia 4500
005 20260601193251.0
008 260601s9999||||xx |||||||||||||| ||und||
020 _a978-3-031-66320-8
_qebk
100 _aJames Hutson
245 0 _aArt and Culture in the Multiverse of Metaverses
250 _a2024
260 _aHeidelberg, Germany
_bSpringer Nature
_c2024
440 _aSpringer Series on Cultural Computing
650 _aComputer Science
856 _uhttps://link.springer.com/openurl?genre=book&isbn=978-3-031-66320-8
942 _cEB
_2ddc
999 _c56740
_d56740